| 000 | 00528nam a2200181 a 4500 | ||
|---|---|---|---|
| 001 | BRCA_9011 | ||
| 005 | 20190320210506.0 | ||
| 008 | 190717s--------sp-a######---#000-0#spa-# | ||
| 041 | _aspa | ||
| 044 | _asp | ||
| 084 |
_aBE78 _b.M46 |
||
| 245 | 1 | 0 | _aMemoria XXXIV |
| 300 |
_a409 p. (t.3) _c21 x 15.5 cm |
||
| 500 | _aEstado físico: presenta encuadernación en pergamino con lomo semi desprendido, cantos decorados. carece de cintas y presencia del pez de plata | ||
| 500 | _aSin portada | ||
| 902 | _aCFM | ||
| 942 |
_2lcc _cB |
||
| 999 |
_c8662 _d8662 |
||